QUEST Central Library Banner

Schaum's Outline Series of General Topology (Record no. 13431)

MARC details
000 -LEADER
fixed length control field 00581nam a2200205 a 4500
003 - CONTROL NUMBER IDENTIFIER
control field PK-NaQUE
005 - DATE AND TIME OF LATEST TRANSACTION
control field 20260325123038.0
008 - FIXED-LENGTH DATA ELEMENTS--GENERAL INFORMATION
fixed length control field 260325b ||||| |||| 00| 0 eng d
020 ## - INTERNATIONAL STANDARD BOOK NUMBER
International Standard Book Number 0071763473 (paperback)
020 ## - INTERNATIONAL STANDARD BOOK NUMBER
International Standard Book Number 9780071763479 (paperback)
040 ## - CATALOGING SOURCE
Transcribing agency QUEST
082 ## - DEWEY DECIMAL CLASSIFICATION NUMBER
Classification number 513.83LIP
100 1# - MAIN ENTRY--PERSONAL NAME
Personal name Lipschutz, Seymour.
245 10 - TITLE STATEMENT
Title Schaum's Outline Series of General Topology
260 ## - PUBLICATION, DISTRIBUTION, ETC. (IMPRINT)
Place of publication, distribution, etc Singapore:
Name of publisher, distributor, etc McGraw-Hill,
Date of publication, distribution, etc 1981.
300 ## - PHYSICAL DESCRIPTION
Extent 339p. ;
650 ## - SUBJECT ADDED ENTRY--TOPICAL TERM
Topical term or geographic name as entry element Topology
856 ## - ELECTRONIC LOCATION AND ACCESS
Uniform Resource Identifier <a href="http://10.10.170.122:8080/browse/book/19235">http://10.10.170.122:8080/browse/book/19235</a>
Link text Download eBook
942 ## - ADDED ENTRY ELEMENTS (KOHA)
Koha item type Books
Source of classification or shelving scheme Dewey Decimal Classification
Holdings
Withdrawn status Lost status Damaged status Not for loan Collection code Home library Current library Date acquired Cost, normal purchase price Total Checkouts Full call number Barcode Checked out Date last seen Date checked out Koha item type Price effective from
        Reference Reference Section Central Library, QUEST Campus, Larkano 04/05/2015 52.95 1 514.83LIP (Shelf - 28A) 9786 28/10/2024 28/10/2024 28/10/2024 Books  
          Central Library, QUEST, Nawabshah Central Library, QUEST, Nawabshah 04/05/2015 52.95   514LIP 9787   05/01/2024   Books 04/05/2015
          Central Library, QUEST, Nawabshah Central Library, QUEST, Nawabshah 04/05/2015 52.95   514LIP 9788   04/05/2015   Books 04/05/2015

Copyright © 2018,The QUEST, Nawabshah, Shaheed Benazirabad. All rights reserved
Mr. G. Farooq Channar (Librarian) QUEST, Nawabshah, Sindh, Pakistan 67480.
 Ph#: |   0244-9370381-4 Ext. 2308   Email| lib@quest.edu.pk   Web|  http://www.quest.edu.pk